| 000 | 00848pam a2200241 a 4500 | ||
|---|---|---|---|
| 003 | OSt | ||
| 005 | 20160827155654.0 | ||
| 008 | 910605s1992 ilu b 000 0 eng | ||
| 020 | _a0226048705 (alk. paper) | ||
| 020 | _a9780226048710 | ||
| 040 |
_aDLC _cDLC _dDLC _bara |
||
| 082 | 0 | 0 |
_a418.0209 _220 _bTHT |
| 245 | 0 | 0 |
_aTheories of translation : _ban anthology of essays from Dryden to Derrida / _cedited by Rainer Schulte and John Biguenet. |
| 250 | _aط. 1. | ||
| 260 |
_aChicago : _bUniversity of Chicago Press, _c1992. |
||
| 300 |
_avi, 254 p. ; _c23 cm. |
||
| 500 | _aCompanion vol. to: The craft of translation. | ||
| 504 | _aIncludes bibliographical references (p. 245-254). | ||
| 650 | 0 |
_aTranslating and interpreting _xHistory. _956344 |
|
| 700 | 1 |
_aSchulte, Rainer, _d1937- _956345 |
|
| 700 | 1 |
_aBiguenet, John. _956346 |
|
| 942 | _cBOOK | ||
| 999 |
_c39713 _d274213 |
||